000 00283nam a22001337a 4500
008 171006b xxu||||| |||| 00| 0 eng d
020 _a9780534634100
041 _aeng
080 _27TH
_a159.9
100 _a49
101 _aPSI
245 _aPSYCHOLOGY
_cENOS,M
942 _2udc
_cBK
999 _c32238
_d32238